Agrarwirtschaft Zeitschrift für Betriebswirtschaft, Marktforschung und Agrarpolitik
Enregistré dans:
| Format: | Publication en série |
|---|---|
| Langue: | allemand |
| Publié: |
Frankfurt am Main
Alfred Strothe
1992
|
| Sujets: | |
| Tags: |
Pas de tags, Soyez le premier à ajouter un tag!
|
MARC
| LEADER | 00000nas2a2200000 4500 | ||
|---|---|---|---|
| 001 | s016181 | ||
| 005 | 20240109093945.7 | ||
| 022 | |a 0002-1121 | ||
| 041 | 0 | |a ger | |
| 044 | |a DE | ||
| 245 | 1 | 0 | |a Agrarwirtschaft |b Zeitschrift für Betriebswirtschaft, Marktforschung und Agrarpolitik |
| 264 | 1 | |a Frankfurt am Main |b Alfred Strothe |c 1992 | |
| 300 | |a 1 zv. | ||
| 773 | 0 | |w eu_un_cat*s120070 | |
| 610 | 2 | 0 | |a politika poľnohospodárska |
| 610 | 2 | 0 | |a poľnohospodárstvo |
| 610 | 2 | 0 | |a prieskum trhu |